[Event "EUYCC 2025 - U14"]
[Site "?"]
[Date "2025.08.25"]
[Round "7.1"]
[White "Komarek, Tobias"]
[Black "Diachek, Andrii"]
[Result "0-1"]
[BlackElo "2223"]
[WhiteElo "1897"]
[LiveChessVersion "1.4.8"]

1. c4 {[%clk 1:30:52]} Nf6 {[%clk 1:30:40]} 2. Nc3 {[%clk 1:31:07]} c5
{[%clk 1:29:49]} 3. g3 {[%clk 1:30:14]} d5 {[%clk 1:29:58]} 4. cxd5
{[%clk 1:30:16]} Nxd5 {[%clk 1:30:23]} 5. Bg2 {[%clk 1:29:43]} Nc7
{[%clk 1:30:46]} 6. b3 {[%clk 1:28:44]} e5 {[%clk 1:27:44]} 7. Bb2
{[%clk 1:27:34]} Be7 {[%clk 1:24:42]} 8. Qc2 {[%clk 1:21:54]} f6 {[%clk 1:15:29]}
9. e3 {[%clk 1:10:12]} Nc6 10. Bxc6+ {[%clk 1:02:20]} bxc6 {[%clk 1:11:15]} 11.
Nge2 {[%clk 1:02:01]} Ba6 {[%clk 1:08:06]} 12. Nc1 {[%clk 0:56:04]} Qd7
{[%clk 1:03:37]} 13. N3e2 {[%clk 0:49:08]} O-O {[%clk 0:54:52]} 14. O-O
{[%clk 0:48:16]} Ne6 {[%clk 0:50:46]} 15. f3 {[%clk 0:35:31]} Rad8
{[%clk 0:47:51]} 16. Bc3 {[%clk 0:30:08]} Nd4 {[%clk 0:41:41]} 17. Qd1
{[%clk 0:19:39]} Nxe2+ {[%clk 0:35:43]} 18. Nxe2 {[%clk 0:19:51]} c4
{[%clk 0:35:52]} 19. b4 {[%clk 0:13:11]} c5 {[%clk 0:34:37]} 20. a3
{[%clk 0:12:18]} Bb5 {[%clk 0:30:11]} 21. Qc2 {[%clk 0:08:33]} Rb8
{[%clk 0:18:46]} 22. bxc5 {[%clk 0:06:19]} Bxc5 {[%clk 0:17:29]} 23. a4
{[%clk 0:05:48]} Ba6 {[%clk 0:16:50]} 24. Qe4 {[%clk 0:02:04]} Rfc8
{[%clk 0:15:35]} 25. f4 {[%clk 0:01:42]} Bb7 {[%clk 0:13:19]} 26. Qxc4+
{[%clk 0:01:26]} Kh8 {[%clk 0:13:36]} 27. Qa2 {[%clk 0:00:50]} Qc6
{[%clk 0:13:18]} 28. Kf2 {[%clk 0:00:51]} Qg2+ {[%clk 0:09:36]} 29. Ke1
{[%clk 0:01:19]} Ba6 {[%clk 0:09:27]} 30. Rf2 {[%clk 0:01:31]} Qh1+
{[%clk 0:09:46]} 31. Rf1 {[%clk 0:01:53]} Qxh2 {[%clk 0:09:59]} 32. Rf2
{[%clk 0:02:18]} Qh1+ {[%clk 0:09:58]} 33. Rf1 {[%clk 0:02:43]} Qh5
{[%clk 0:10:17]} 34. Rf2 {[%clk 0:02:53]} Bxe2 {[%clk 0:05:48]} 35. Rxe2
{[%clk 0:03:11]} Qh1+ {[%clk 0:04:22]} 36. Kf2 {[%clk 0:03:36]} Qh2+
{[%clk 0:04:41]} 37. Kf1 {[%clk 0:03:07]} Qxg3 {[%clk 0:03:42]} 38. Qf7
{[%clk 0:01:59]} exf4 {[%clk 0:02:04]} 39. Rg2 {[%clk 0:01:23]} Qf3+
{[%clk 0:02:24]} 40. Kg1 {[%clk 0:01:49]} Rb7 {[%clk 0:02:24]} 41. Qe6
{[%clk 0:01:48]} Qc6 {[%clk 0:02:07]} 42. Qh3 {[%clk 0:01:09]} fxe3
{[%clk 0:01:07]} 43. Kh1 {[%clk 0:00:41]} exd2 {[%clk 0:00:49]} 44. Rf1
{[%clk 0:00:45]} Rd8 {[%clk 0:00:44]} 45. Rxf6 {[%clk 0:00:40]} d1=Q+
{[%clk 0:00:55]} 46. Kh2 {[%clk 0:01:05]} gxf6 {[%clk 0:00:46]} 47. Qh6
{[%clk 0:01:07]} Bd6+ {[%clk 0:00:48]} 48. Kh3 {[%clk 0:01:16]} Qh1+ 0-1

[Event "EUYCC 2025 - U14"]
[Site "?"]
[Date "2025.08.25"]
[Round "7.2"]
[White "Pogorelskiy, Boris"]
[Black "Belocky, Daniel"]
[Result "0-1"]
[BlackElo "1683"]
[WhiteElo "1978"]
[LiveChessVersion "1.4.8"]

1. e4 {[%clk 1:30:58]} e6 {[%clk 1:30:54]} 2. d4 {[%clk 1:31:25]} d5
{[%clk 1:31:20]} 3. Nd2 {[%clk 1:31:50]} Nc6 {[%clk 1:31:45]} 4. Ngf3
{[%clk 1:32:09]} Nf6 {[%clk 1:31:40]} 5. e5 {[%clk 1:32:34]} Nd7 {[%clk 1:32:07]}
6. Nb3 {[%clk 1:33:02]} f6 {[%clk 1:32:30]} 7. Bb5 {[%clk 1:30:29]} fxe5
{[%clk 1:32:44]} 8. dxe5 {[%clk 1:30:48]} Be7 {[%clk 1:33:04]} 9. Nfd4
{[%clk 1:22:58]} Ndxe5 {[%clk 1:29:20]} 10. Qh5+ {[%clk 1:23:11]} Kf8
{[%clk 1:29:42]} 11. f4 {[%clk 1:20:57]} Nf7 {[%clk 1:19:32]} 12. Bxc6
{[%clk 1:14:48]} bxc6 {[%clk 1:18:27]} 13. Nxc6 {[%clk 1:15:07]} Qe8
{[%clk 1:18:18]} 14. Nbd4 {[%clk 1:14:17]} Nd6 {[%clk 1:15:31]} 15. Qh3
{[%clk 1:11:07]} e5 {[%clk 1:14:34]} 16. Ne6+ {[%clk 1:10:54]} Bxe6
{[%clk 1:14:57]} 0-1

[Event "EUYCC 2025 - U14"]
[Site "?"]
[Date "2025.08.25"]
[Round "7.3"]
[White "Petroff, Vlad"]
[Black "Janouskova, Eliska"]
[Result "1-0"]
[BlackElo "1748"]
[WhiteElo "2081"]
[LiveChessVersion "1.4.8"]

1. d4 {[%clk 1:30:59]} e6 {[%clk 1:30:39]} 2. Nf3 {[%clk 1:31:09]} f5
{[%clk 1:30:34]} 3. Bf4 {[%clk 1:31:16]} Nf6 {[%clk 1:30:32]} 4. e3
{[%clk 1:31:27]} b6 {[%clk 1:27:26]} 5. h3 {[%clk 1:29:02]} Bb7 {[%clk 1:22:51]}
6. g4 {[%clk 1:25:41]} g6 {[%clk 1:11:11]} 7. gxf5 {[%clk 1:25:03]} exf5
{[%clk 1:10:19]} 8. Rg1 {[%clk 1:23:25]} d6 {[%clk 1:05:13]} 9. c4
{[%clk 1:21:28]} Nbd7 {[%clk 0:59:14]} 10. Nc3 {[%clk 1:20:20]} a6
{[%clk 0:52:28]} 11. Be2 {[%clk 1:17:23]} Qe7 {[%clk 0:50:08]} 12. Nd2
{[%clk 1:14:08]} Bg7 {[%clk 0:45:31]} 13. Qc2 {[%clk 1:09:17]} Rf8
{[%clk 0:41:01]} 14. O-O-O {[%clk 1:08:48]} O-O-O {[%clk 0:40:09]} 15. Rg3
{[%clk 0:56:33]} Rfe8 {[%clk 0:34:11]} 16. h4 {[%clk 0:40:15]} Qf7
{[%clk 0:29:04]} 17. Rdg1 {[%clk 0:30:21]} Bh8 {[%clk 0:27:56]} 18. Bg5
{[%clk 0:26:26]} Kb8 {[%clk 0:18:09]} 19. h5 {[%clk 0:23:24]} Rg8
{[%clk 0:12:51]} 20. hxg6 {[%clk 0:23:11]} hxg6 {[%clk 0:12:58]} 21. Nf3
{[%clk 0:20:17]} Rde8 {[%clk 0:11:13]} 22. Nh4 {[%clk 0:18:22]} Ne4
{[%clk 0:10:16]} 23. Nxe4 {[%clk 0:18:35]} fxe4 {[%clk 0:08:47]} 24. R1g2
{[%clk 0:17:19]} Nf8 {[%clk 0:08:12]} 25. Bh6 {[%clk 0:13:28]} Bf6
{[%clk 0:05:52]} 26. Bg5 {[%clk 0:13:54]} Bh8 {[%clk 0:04:48]} 27. Rg4
{[%clk 0:12:06]} Qe6 {[%clk 0:03:32]} 28. Bh6 {[%clk 0:09:50]} Bg7
{[%clk 0:02:20]} 29. Bxg7 {[%clk 0:10:09]} Rxg7 {[%clk 0:02:47]} 30. Rg5
{[%clk 0:10:07]} Qh3 31. Nxg6 {[%clk 0:03:54]} Qh6 {[%clk 0:00:41]} 32. Bh5
{[%clk 0:02:37]} Nh7 {[%clk 0:00:39]} 33. Nf4 {[%clk 0:01:46]} Rxg5
{[%clk 0:00:57]} 34. Rxg5 {[%clk 0:02:09]} Qxg5 {[%clk 0:01:23]} 35. Bxe8
{[%clk 0:02:27]} Qg1+ {[%clk 0:01:35]} 36. Qd1 {[%clk 0:02:39]} Qxf2
{[%clk 0:01:58]} 37. Qe2 {[%clk 0:02:27]} Qg1+ {[%clk 0:01:33]} 38. Kc2
{[%clk 0:02:44]} Ng5 {[%clk 0:01:14]} 39. Bh5 {[%clk 0:01:19]} Qg3
{[%clk 0:00:48]} 40. Bg6 {[%clk 0:01:00]} Nf3 {[%clk 0:00:45]} 41. d5
{[%clk 0:01:10]} Ng5 {[%clk 0:01:02]} 42. Qg2 {[%clk 0:00:56]} Qxg2+
{[%clk 0:01:28]} 43. Nxg2 {[%clk 0:01:23]} b5 {[%clk 0:01:13]} 44. b3
{[%clk 0:01:41]} bxc4 {[%clk 0:01:37]} 45. bxc4 {[%clk 0:02:10]} c6
{[%clk 0:01:41]} 46. Nf4 {[%clk 0:02:18]} Ka7 {[%clk 0:01:15]} 47. Kc3
{[%clk 0:02:11]} Kb6 {[%clk 0:01:29]} 48. a3 {[%clk 0:01:54]} Ka5
{[%clk 0:01:12]} 49. Ne6 {[%clk 0:00:36]} Nh3 {[%clk 0:01:18]} 50. Nd8
{[%clk 0:00:48]} Ba8 {[%clk 0:01:25]} 51. dxc6 {[%clk 0:00:56]} Kb6
{[%clk 0:01:22]} 52. Bxe4 {[%clk 0:01:24]} Ng5 {[%clk 0:01:12]} 53. Bd5
{[%clk 0:01:32]} Kc7 {[%clk 0:00:58]} 54. Nb7 {[%clk 0:01:12]} Nh7
{[%clk 0:00:46]} 55. Nxd6 {[%clk 0:00:46]} Kxd6 {[%clk 0:00:38]} 56. c7
{[%clk 0:01:15]} Kxc7 {[%clk 0:01:07]} 57. Bxa8 {[%clk 0:01:45]} Nf6
{[%clk 0:01:05]} 58. Kd4 {[%clk 0:01:42]} Nd7 {[%clk 0:00:45]} 59. c5
{[%clk 0:02:02]} Nf6 {[%clk 0:00:36]} 60. Bf3 {[%clk 0:02:30]} Kd7
{[%clk 0:00:51]} 61. e4 {[%clk 0:02:32]} Ne8 {[%clk 0:00:43]} 62. e5
{[%clk 0:02:48]} Nc7 {[%clk 0:01:01]} 63. c6+ {[%clk 0:03:06]} Ke7
{[%clk 0:01:15]} 64. a4 {[%clk 0:03:04]} Ne6+ {[%clk 0:01:34]} 65. Kc4
{[%clk 0:03:12]} Nc7 {[%clk 0:01:59]} 66. Bg4 {[%clk 0:03:37]} Kd8
{[%clk 0:01:48]} 67. Kc5 {[%clk 0:03:57]} Ke7 {[%clk 0:01:42]} 68. Kb6
{[%clk 0:04:19]} Kd8 {[%clk 0:02:08]} 69. Bd7 {[%clk 0:04:37]} Nd5+
{[%clk 0:02:26]} 70. Kxa6 {[%clk 0:05:04]} Kc7 {[%clk 0:02:44]} 71. a5
{[%clk 0:04:58]} Nc3 {[%clk 0:02:26]} 72. e6 {[%clk 0:05:22]} Nd5
{[%clk 0:02:47]} 73. Kb5 {[%clk 0:05:48]} Kd6 {[%clk 0:03:10]} 74. a6
{[%clk 0:06:12]} Nc7+ {[%clk 0:03:22]} 75. Kb6 {[%clk 0:06:36]} Nd5+
{[%clk 0:03:32]} 76. Kb7 {[%clk 0:07:00]} Nc7 {[%clk 0:03:42]} 77. a7
{[%clk 0:07:27]} 1-0

[Event "EUYCC 2025 - U14"]
[Site "?"]
[Date "2025.08.25"]
[Round "7.4"]
[White "Matejka, Simon"]
[Black "Mojzisova, Barbora"]
[Result "1-0"]
[BlackElo "1740"]
[WhiteElo "1950"]
[LiveChessVersion "1.4.8"]

1. e4 {[%clk 1:30:44]} c6 {[%clk 1:30:53]} 2. c4 {[%clk 1:30:45]} d5
{[%clk 1:31:15]} 3. exd5 {[%clk 1:30:52]} cxd5 {[%clk 1:31:35]} 4. cxd5
{[%clk 1:30:47]} Qxd5 {[%clk 1:31:38]} 5. Nc3 {[%clk 1:31:01]} Qa5
{[%clk 1:30:51]} 6. Nf3 {[%clk 1:31:19]} Nf6 {[%clk 1:30:46]} 7. d4
{[%clk 1:31:00]} Bg4 {[%clk 1:29:45]} 8. Bb5+ {[%clk 1:30:32]} Bd7
{[%clk 1:26:14]} 9. Bd3 {[%clk 1:30:04]} Nc6 {[%clk 1:25:11]} 10. O-O
{[%clk 1:28:05]} g6 {[%clk 1:21:43]} 11. Bc4 {[%clk 1:15:00]} Bg7
{[%clk 1:17:42]} 12. d5 {[%clk 1:14:55]} Nd8 {[%clk 1:16:06]} 13. Re1
{[%clk 1:14:25]} Qc5 {[%clk 1:13:06]} 14. Bb3 {[%clk 1:12:21]} O-O
{[%clk 1:07:19]} 15. Be3 {[%clk 1:11:30]} Qd6 {[%clk 1:05:54]} 16. Qd2
{[%clk 1:11:01]} Re8 {[%clk 1:01:05]} 17. Bf4 {[%clk 1:07:56]} Qb4
{[%clk 0:57:25]} 18. Ne5 {[%clk 1:03:21]} Bf5 {[%clk 0:52:56]} 19. Ba4
{[%clk 0:58:32]} Rf8 {[%clk 0:51:16]} 20. a3 {[%clk 0:58:03]} Qc5
{[%clk 0:47:55]} 21. b4 {[%clk 0:57:22]} Qc8 {[%clk 0:46:50]} 22. Rac1
{[%clk 0:57:28]} b6 {[%clk 0:45:16]} 23. Nc6 {[%clk 0:53:54]} Nxc6
{[%clk 0:42:03]} 24. Bxc6 {[%clk 0:54:12]} e6 {[%clk 0:41:48]} 25. Bxa8
{[%clk 0:53:56]} Qxa8 {[%clk 0:42:07]} 26. dxe6 {[%clk 0:50:48]} Bxe6
{[%clk 0:42:19]} 27. f3 {[%clk 0:47:23]} Rd8 {[%clk 0:41:49]} 28. Qe2
{[%clk 0:46:03]} Qb7 {[%clk 0:38:38]} 29. Red1 {[%clk 0:45:18]} Re8
{[%clk 0:38:22]} 30. Qd2 {[%clk 0:43:57]} a6 {[%clk 0:35:08]} 31. Bh6
{[%clk 0:41:15]} Qe7 {[%clk 0:34:00]} 32. Bxg7 {[%clk 0:41:21]} Kxg7
{[%clk 0:34:22]} 33. Qd6 {[%clk 0:40:07]} Qa7 {[%clk 0:34:14]} 34. Ne4
{[%clk 0:39:34]} Nxe4 {[%clk 0:33:07]} 35. fxe4 {[%clk 0:39:57]} Re7
{[%clk 0:32:45]} 36. Qd4+ {[%clk 0:39:47]} Kg8 {[%clk 0:32:16]} 37. Rc6
{[%clk 0:37:47]} b5 {[%clk 0:31:14]} 38. Qxa7 {[%clk 0:37:54]} Rxa7
{[%clk 0:31:35]} 39. Rdd6 {[%clk 0:38:08]} a5 {[%clk 0:31:33]} 40. Ra6
{[%clk 0:38:24]} Rxa6 {[%clk 0:31:55]} 41. Rxa6 {[%clk 0:38:50]} axb4
{[%clk 0:31:36]} 42. axb4 {[%clk 0:39:15]} Bc4 {[%clk 0:31:45]} 43. Kf2
{[%clk 0:39:35]} Kf8 {[%clk 0:31:48]} 44. Ke3 {[%clk 0:39:58]} Ke7
{[%clk 0:31:57]} 45. Kd4 {[%clk 0:40:12]} Kd7 {[%clk 0:31:29]} 46. Kc5
{[%clk 0:40:28]} Kc7 {[%clk 0:31:40]} 47. g4 {[%clk 0:40:45]} h5 {[%clk 0:30:49]}
48. gxh5 {[%clk 0:41:00]} gxh5 {[%clk 0:31:12]} 49. Rh6 {[%clk 0:41:23]} Be2
{[%clk 0:31:23]} 50. Rh7 {[%clk 0:41:47]} Bc4 {[%clk 0:31:11]} 51. Rxh5
{[%clk 0:42:12]} Kd7 {[%clk 0:31:25]} 52. Rh6 {[%clk 0:42:27]} Ke7
{[%clk 0:31:48]} 53. e5 {[%clk 0:42:45]} Bd3 {[%clk 0:32:01]} 54. Rb6
{[%clk 0:42:54]} 1-0

[Event "EUYCC 2025 - U14"]
[Site "?"]
[Date "2025.08.25"]
[Round "7.5"]
[White "Migalko, Dmitriy"]
[Black "Bundan, Edward"]
[Result "1/2-1/2"]
[BlackElo "1976"]
[WhiteElo "1916"]
[LiveChessVersion "1.4.8"]

1. e4 {[%clk 1:30:57]} c5 {[%clk 1:30:54]} 2. Nf3 {[%clk 1:31:22]} Nc6
{[%clk 1:31:17]} 3. Bb5 {[%clk 1:31:47]} e5 {[%clk 1:31:40]} 4. O-O
{[%clk 1:30:23]} Bd6 {[%clk 1:32:01]} 5. c3 {[%clk 1:28:39]} Nge7
{[%clk 1:32:17]} 6. d4 {[%clk 1:25:16]} cxd4 {[%clk 1:32:37]} 7. cxd4
{[%clk 1:25:38]} Nxd4 {[%clk 1:32:54]} 8. Nxd4 {[%clk 1:25:37]} exd4
{[%clk 1:33:17]} 9. Qxd4 {[%clk 1:25:02]} Qc7 {[%clk 1:33:38]} 10. h3
{[%clk 1:21:51]} Be5 {[%clk 1:33:56]} 11. Qa4 {[%clk 1:19:30]} O-O
{[%clk 1:33:19]} 12. f4 {[%clk 1:14:54]} Bd6 {[%clk 1:32:35]} 13. Nc3
{[%clk 1:07:21]} Bc5+ {[%clk 1:31:04]} 14. Kh1 {[%clk 1:07:03]} Rb8
{[%clk 1:26:56]} 15. f5 {[%clk 0:56:40]} f6 {[%clk 1:22:23]} 16. Bf4
{[%clk 0:51:01]} d6 {[%clk 1:22:09]} 17. Qc4+ {[%clk 0:44:17]} Kh8
{[%clk 1:21:42]} 18. Rfd1 {[%clk 0:43:12]} Rd8 {[%clk 1:13:55]} 19. b4
{[%clk 0:40:04]} Bb6 {[%clk 1:12:47]} 20. Qf7 {[%clk 0:38:20]} Nc6
{[%clk 0:35:55]} 21. Qxc7 {[%clk 0:37:06]} Bxc7 {[%clk 0:34:29]} 22. Nd5
{[%clk 0:37:28]} Bb6 {[%clk 0:33:48]} 23. Nxb6 {[%clk 0:36:47]} axb6
{[%clk 0:34:16]} 24. Bxd6 {[%clk 0:36:42]} Ra8 {[%clk 0:34:35]} 25. Bc7
{[%clk 0:35:29]} Re8 {[%clk 0:33:44]} 26. Bxb6 {[%clk 0:34:08]} h6
{[%clk 0:32:10]} 27. Bxc6 {[%clk 0:23:43]} bxc6 {[%clk 0:32:32]} 28. Rd4
{[%clk 0:22:56]} Ra3 {[%clk 0:31:50]} 29. Bc5 {[%clk 0:16:36]} Re3
{[%clk 0:30:17]} 30. Rad1 {[%clk 0:16:43]} Ba6 {[%clk 0:30:06]} 31. Rd6
{[%clk 0:15:56]} R3xe4 {[%clk 0:30:09]} 32. Rxc6 {[%clk 0:16:13]} Re1+
{[%clk 0:29:51]} 33. Rxe1 {[%clk 0:16:30]} Rxe1+ {[%clk 0:30:16]} 34. Kh2
{[%clk 0:16:10]} Bd3 {[%clk 0:30:11]} 35. Rc8+ {[%clk 0:15:40]} Kh7
{[%clk 0:30:34]} 36. Rc7 {[%clk 0:15:37]} Kg8 {[%clk 0:29:55]} 37. a4
{[%clk 0:14:15]} Re2 {[%clk 0:28:16]} 38. Re7 {[%clk 0:11:44]} Rxe7
{[%clk 0:26:37]} 39. Bxe7 {[%clk 0:12:08]} Bxf5 {[%clk 0:24:32]} 40. b5
{[%clk 0:10:48]} Bc2 {[%clk 0:22:43]} 41. a5 {[%clk 0:10:43]} Bd3
{[%clk 0:22:53]} 42. b6 {[%clk 0:11:07]} Ba6 {[%clk 0:23:17]} 43. Kg3
{[%clk 0:11:26]} Kf7 {[%clk 0:23:35]} 44. Bb4 {[%clk 0:11:39]} g6
{[%clk 0:23:25]} 45. Kf4 {[%clk 0:11:50]} Ke6 {[%clk 0:22:56]} 46. Ke4
{[%clk 0:12:13]} f5+ {[%clk 0:22:19]} 47. Kd4 {[%clk 0:12:26]} g5
{[%clk 0:20:03]} 48. g4 {[%clk 0:09:40]} fxg4 {[%clk 0:15:25]} 49. hxg4
{[%clk 0:10:07]} Kd7 {[%clk 0:15:09]} 50. Bf8 {[%clk 0:08:02]} Kc6
{[%clk 0:14:59]} 51. Bxh6 {[%clk 0:01:43]} Be2 {[%clk 0:14:36]} 52. Bxg5
{[%clk 0:01:26]} Bxg4 {[%clk 0:14:51]} 53. Bd8 {[%clk 0:01:33]} Be2
{[%clk 0:14:57]} 54. Ke5 {[%clk 0:01:44]} Ba6 {[%clk 0:15:09]} 1/2-1/2

[Event "EUYCC 2025 - U14"]
[Site "?"]
[Date "2025.08.25"]
[Round "7.6"]
[White "Bolla, Zsofia"]
[Black "Debowska, Olga"]
[Result "0-1"]
[BlackElo "1783"]
[WhiteElo "1772"]
[LiveChessVersion "1.4.8"]

1. e4 {[%clk 1:30:58]} e6 {[%clk 1:30:49]} 2. d4 {[%clk 1:31:21]} d5
{[%clk 1:31:12]} 3. Nd2 {[%clk 1:31:42]} Nf6 {[%clk 1:31:32]} 4. e5
{[%clk 1:31:53]} Nfd7 {[%clk 1:31:55]} 5. Bd3 {[%clk 1:32:12]} c5
{[%clk 1:32:13]} 6. c3 {[%clk 1:32:17]} Nc6 {[%clk 1:32:34]} 7. Ne2
{[%clk 1:32:09]} cxd4 {[%clk 1:32:53]} 8. cxd4 {[%clk 1:32:29]} f6
{[%clk 1:29:45]} 9. exf6 {[%clk 1:32:24]} Nxf6 {[%clk 1:30:07]} 10. Nf3
{[%clk 1:32:15]} Bd6 {[%clk 1:29:44]} 11. Bf4 {[%clk 1:30:54]} Bxf4
{[%clk 1:26:35]} 12. Nxf4 {[%clk 1:31:14]} O-O {[%clk 1:26:34]} 13. O-O
{[%clk 1:30:01]} Ne4 {[%clk 1:25:35]} 14. Ne2 {[%clk 1:29:27]} Ng5
{[%clk 1:25:11]} 15. Ne5 {[%clk 1:25:55]} Nxe5 {[%clk 1:18:42]} 16. dxe5
{[%clk 1:26:15]} Qb6 {[%clk 1:17:03]} 17. Qc2 {[%clk 1:22:34]} h6
{[%clk 1:16:15]} 18. Nc3 {[%clk 1:20:49]} Bd7 {[%clk 1:14:20]} 19. Qe2
{[%clk 1:17:38]} a6 {[%clk 1:11:45]} 20. Rac1 {[%clk 1:15:51]} Rac8
{[%clk 1:11:03]} 21. Rb1 {[%clk 0:50:47]} Qd4 {[%clk 1:08:37]} 22. Rfd1
{[%clk 0:50:38]} Qf4 {[%clk 1:08:31]} 23. Rf1 {[%clk 0:44:59]} Bc6
{[%clk 1:05:13]} 24. Rbe1 {[%clk 0:34:12]} Rfd8 {[%clk 0:49:15]} 25. f3
{[%clk 0:30:37]} d4 {[%clk 0:39:21]} 26. Nb1 {[%clk 0:27:14]} Bd5
{[%clk 0:19:34]} 27. a3 {[%clk 0:22:38]} b5 {[%clk 0:17:54]} 28. Nd2
{[%clk 0:22:03]} Bc4 {[%clk 0:08:32]} 29. Nb1 {[%clk 0:12:17]} Nf7
{[%clk 0:03:25]} 30. Bxc4 {[%clk 0:07:42]} bxc4 {[%clk 0:03:43]} 31. g3
{[%clk 0:07:55]} Qf5 {[%clk 0:03:51]} 32. f4 {[%clk 0:05:15]} d3 {[%clk 0:01:44]}
33. Qd2 {[%clk 0:03:47]} Rb8 {[%clk 0:01:01]} 34. Rc1 {[%clk 0:03:53]} Rdc8
{[%clk 0:01:22]} 35. Rf2 {[%clk 0:04:06]} Qe4 {[%clk 0:01:38]} 36. Nc3
{[%clk 0:03:55]} Qd4 {[%clk 0:01:39]} 37. Nd1 {[%clk 0:03:14]} Rb3
{[%clk 0:01:12]} 38. Qa5 {[%clk 0:02:16]} Rc6 {[%clk 0:00:53]} 39. Qd2
{[%clk 0:01:31]} Nd8 {[%clk 0:01:04]} 40. Nc3 {[%clk 0:01:13]} Nb7
{[%clk 0:00:59]} 41. Nd1 {[%clk 0:00:57]} Nc5 {[%clk 0:01:11]} 42. Nc3
{[%clk 0:00:59]} Rcb6 {[%clk 0:01:16]} 43. Nd1 {[%clk 0:00:33]} Ne4
{[%clk 0:01:34]} 44. Qe3 {[%clk 0:00:42]} Qxe3 {[%clk 0:01:48]} 45. Nxe3
{[%clk 0:01:06]} Nxf2 {[%clk 0:02:06]} 46. Nxc4 {[%clk 0:00:49]} Ne4
{[%clk 0:01:38]} 47. Nxb6 {[%clk 0:01:09]} Rxb6 {[%clk 0:02:02]} 48. Rd1
{[%clk 0:01:13]} d2 {[%clk 0:02:22]} 49. b4 {[%clk 0:01:34]} Rc6 {[%clk 0:02:38]}
50. Kf1 {[%clk 0:01:34]} Rc1 {[%clk 0:02:21]} 51. Ke2 {[%clk 0:01:54]} Nc3+
{[%clk 0:02:48]} 52. Kxd2 {[%clk 0:02:17]} Rxd1+ {[%clk 0:03:14]} 53. Kxc3
{[%clk 0:02:37]} Rh1 {[%clk 0:03:32]} 54. Kb3 {[%clk 0:02:50]} Rxh2
{[%clk 0:03:46]} 55. Ka4 {[%clk 0:03:13]} Ra2 {[%clk 0:04:08]} 56. Kb3
{[%clk 0:03:38]} Rg2 {[%clk 0:04:03]} 57. Kc4 {[%clk 0:03:55]} Rxg3
{[%clk 0:04:08]} 58. a4 {[%clk 0:04:18]} Ra3 {[%clk 0:04:21]} 59. a5
{[%clk 0:04:34]} Kf7 {[%clk 0:04:29]} 0-1

[Event "EUYCC 2025 - U14"]
[Site "?"]
[Date "2025.08.25"]
[Round "7.7"]
[White "Plechacek, Matej"]
[Black "Myronova, Sofia"]
[Result "1-0"]
[BlackElo "1496"]
[WhiteElo "1741"]
[LiveChessVersion "1.4.8"]

1. b4 {[%clk 1:30:59]} d5 {[%clk 1:30:55]} 2. Bb2 {[%clk 1:31:25]} Nf6
{[%clk 1:31:11]} 3. e3 {[%clk 1:31:47]} g6 {[%clk 1:31:17]} 4. Nf3
{[%clk 1:32:10]} Bg7 {[%clk 1:31:21]} 5. c4 {[%clk 1:31:31]} c6 {[%clk 1:31:44]}
6. d4 {[%clk 1:31:44]} a5 {[%clk 1:29:27]} 7. b5 {[%clk 1:30:38]} a4
{[%clk 1:29:03]} 8. Be2 {[%clk 1:28:53]} O-O {[%clk 1:24:06]} 9. O-O
{[%clk 1:28:31]} dxc4 {[%clk 1:20:50]} 10. Bxc4 {[%clk 1:28:28]} cxb5
{[%clk 1:21:00]} 11. Bxb5 {[%clk 1:28:51]} Qb6 {[%clk 1:20:55]} 12. Na3
{[%clk 1:26:45]} Bd7 {[%clk 1:19:40]} 13. Qe2 {[%clk 1:26:05]} Bxb5
{[%clk 1:12:36]} 14. Qxb5 {[%clk 1:26:24]} Qxb5 {[%clk 1:11:46]} 15. Nxb5
{[%clk 1:26:48]} Nc6 {[%clk 1:10:03]} 16. Ba3 {[%clk 1:26:51]} Rfc8
{[%clk 0:59:28]} 17. Rfc1 {[%clk 1:25:51]} Nd5 {[%clk 0:57:24]} 18. Rab1
{[%clk 1:25:13]} Bh6 {[%clk 0:54:37]} 19. Kf1 {[%clk 1:17:03]} Rab8
{[%clk 0:48:44]} 20. g4 {[%clk 1:14:25]} Bxe3 {[%clk 0:36:40]} 21. Rc5
{[%clk 1:13:09]} Bxf2 {[%clk 0:28:13]} 22. Kxf2 {[%clk 1:11:36]} Nf4
{[%clk 0:28:18]} 23. Rd1 {[%clk 1:10:45]} e6 {[%clk 0:22:17]} 24. Rc3
{[%clk 1:06:48]} Na5 {[%clk 0:19:53]} 25. Rdc1 {[%clk 1:06:46]} Rxc3
{[%clk 0:20:16]} 26. Rxc3 {[%clk 1:07:14]} Nd5 {[%clk 0:20:44]} 27. Rc2
{[%clk 1:06:20]} Nf6 {[%clk 0:19:39]} 28. h3 {[%clk 1:05:59]} Nd5
{[%clk 0:19:50]} 29. Bd6 {[%clk 1:05:00]} Rd8 {[%clk 0:19:41]} 30. g5
{[%clk 1:01:07]} Kg7 {[%clk 0:18:09]} 31. Be5+ {[%clk 1:01:16]} Kg8
{[%clk 0:18:20]} 32. a3 {[%clk 0:58:25]} h6 {[%clk 0:15:12]} 33. h4
{[%clk 0:58:02]} Kh7 {[%clk 0:13:26]} 34. Nd2 {[%clk 0:56:27]} Nc6
{[%clk 0:12:51]} 35. Ne4 {[%clk 0:55:53]} Rd7 {[%clk 0:09:02]} 36. Nbc3
{[%clk 0:55:06]} Nxe5 {[%clk 0:08:35]} 37. dxe5 {[%clk 0:55:13]} Rc7
{[%clk 0:07:57]} 38. Ke2 {[%clk 0:55:11]} Nf4+ {[%clk 0:07:12]} 39. Kd1
{[%clk 0:54:44]} Kg7 {[%clk 0:06:14]} 40. Nxa4 {[%clk 0:54:36]} Rd7+
{[%clk 0:05:24]} 41. Rd2 {[%clk 0:54:56]} Rxd2+ {[%clk 0:05:02]} 42. Kxd2
{[%clk 0:55:20]} Ng2 {[%clk 0:05:26]} 43. Nac5 {[%clk 0:55:30]} Nxh4
{[%clk 0:05:19]} 44. Ke2 {[%clk 0:54:59]} hxg5 {[%clk 0:05:15]} 45. Nxb7
{[%clk 0:54:53]} Nf5 {[%clk 0:05:08]} 46. a4 {[%clk 0:55:02]} Nd4+
{[%clk 0:05:06]} 47. Ke3 {[%clk 0:54:25]} Nc6 {[%clk 0:05:23]} 48. a5
{[%clk 0:54:35]} Nxe5 {[%clk 0:04:52]} 49. a6 {[%clk 0:54:43]} Nc6
{[%clk 0:05:13]} 50. Ned6 {[%clk 0:54:03]} f5 {[%clk 0:04:47]} 51. Nb5
{[%clk 0:53:33]} g4 {[%clk 0:04:32]} 52. Kf2 {[%clk 0:53:46]} Kf6
{[%clk 0:04:22]} 53. Nd8 {[%clk 0:54:07]} Ne5 {[%clk 0:03:43]} 54. a7
{[%clk 0:54:18]} Nd3+ {[%clk 0:03:04]} 55. Kf1 {[%clk 0:54:25]} f4
{[%clk 0:01:48]} 56. a8=Q {[%clk 0:54:48]} Ne5 {[%clk 0:01:44]} 57. Qe4
{[%clk 0:54:45]} g5 {[%clk 0:01:52]} 58. Nd4 {[%clk 0:54:56]} 1-0